000 00795nam a22002657a 4500
005 20170124110025.0
010 _aA-946315
020 _c150.00
035 _aA-946315
037 _bCen Lib/Ret
040 _aDPL
_bEN
082 _a343.05
_bDAR
100 _aDaruwala, Bomi F.
_91182
245 _aWealth tax act with rules /
_cby Bomi F. Daruwala; edited by Ravi Puliani [and] Mahesh Puliani
250 _a8th ed
260 _bBharat Law House
_a New Delhi
_c1999
270 _bNew Delhi
_e110092
_a22, Tarun enclave Pitampura
300 _avarious pagings
_c21cm(Hb)
500 _aIncludes index
650 _aLaw
_9104
650 _aTax rules
_920535
700 _aPuliani, Ravi
_917541
700 _aPuliani, Mahesh
_91186
942 _2ddc
_cEN
_h343.05
_mDAR
999 _c127451
_d127451